000 00228 a2200097 4500
001 53134
100 _aKaiser W A
245 _aFrom Electronics to Microelectronics
260 _a
_bNorth Holland Pub.
_c
090 _c33421
_d33421
942 _aNUST-CAE
_cM
_c26027
999 _c288207
_d288207